| 000 | 00449nam a2200169 i 4500 | ||
|---|---|---|---|
| 001 | 63219 | ||
| 003 | ES-MaACL | ||
| 005 | 20230906164817.0 | ||
| 007 | t| | ||
| 008 | 031203s1916 sp ||||1| spa d | ||
| 100 | 1 |
_aFerrara, Orestes. _950298 |
|
| 245 | 1 | 3 |
_aLa guerra europea _b: causas y pretextos / _cOrestes Ferrara. |
| 250 | _a3ยช ed. | ||
| 260 |
_aMadrid : _b[Juan Pueyo, _c1916] |
||
| 300 |
_a328 p. ; _c19 cm. |
||
| 852 |
_aES-MaACL _jF-4643 |
||
| 999 |
_c63219 _d63219 |
||